00728cam a22002171 45000010005000000030008000050050017000130080039000300350018000690400032000870410008001190820022001271000025001492450108001742600040002823000048003224900043003705040037004136500021004507000039004719367BD-RjUL20211208234750.0140120s1964 nyua b 001 0 eng a(BD-RjUL)9412 aDLCcDLCdDLCdBD-RjULbeng aeng00a541.396bBAC 19641 aBasolo, Fred,d1920-10aCoordination chemistry :bthe chemistry of metal complexes /c[by] Fred Basolo [and] Ronald C. Johnson. aNew York :bW. A. Benjamin,cc1964. axii, 180 p. :billus. (part col.) ;c22 cm.0 aThe General chemistry monograph series aIncludes bibliographies & Index. 0aMetal complexes.1 aJohnson, Ronald C.,ejoint author.